Vampire academy : (Registro nro. 37089)

Detalles MARC
000 -CABECERA
Longitud fija campo de control 01199nam a2200205 4500
003 - • IDENTIFICADOR DELl NÚMERO DE CONTROL
Identificador del número de control CO-ViMGA
020 ## - • NÚMERO INTERNACIONAL NORMALIZADO PARA LIBROS
Número Internacional Normalizado para Libros (ISBN) 9786071108784
040 ## - FUENTE DE LA CATALOGACIÓN
Centro catalogador de origen CO-ViMGA
Lengua de catalogación spa
Centro transcriptor CO-ViMGA
082 04 - • NÚMERO DE LA CLASIFICACIÓN DECIMAL DEWEY
Número de clasificación (R) 813.5
Número del ítem M31sa
100 1# - • PUNTO DE ACCESO PRINCIPAL-NOMBRE DE PERSONA
Nombre de persona Mead, Richelle
Fechas asociadas al nombre 1976-
245 10 - • TITULO PROPIAMENTE DICHO
Título Vampire academy :
Resto del título sangre azul /
Mención de responsabilidad, etc. Richelle Mead ; traducción de Julio Hermoso
300 ## - • DESCRIPCIÓN FÍSICA
Extensión 368 p. :
Otras características físicas 21 cm.
520 ## - • NOTA DE RESUMEN
Resumen, etc, Rose tiene un serio problema con los chicos. Su guapísimo tutor Dimitri se está fijando en otra, su amigo Mason está colado por ella y el vínculo telepático que tiene con su mejor amiga... la vuelve loca cuando ésta se enrolla con su novio. Entonces un gran ataque de los vampiros más violentos, los strigoi, pone a la Academia en alerta y deciden poner a salvo a los alumnos en la elegante estación deesquí de Idaho. Pero la impresión de seguridad es falsa. Esta vez, Rose - y su corazón - correrá un peligro mayor de lo que imaginaba...Tomado de la contracubierta del libro
650 14 - • PUNTO DE ACCESO ADICIONAL DE MATERIA - TÉRMINO DE MATERIA
Término de materia o nombre geográfico como elemento inicial Literatura estadounidense
650 14 - • PUNTO DE ACCESO ADICIONAL DE MATERIA - TÉRMINO DE MATERIA
Término de materia o nombre geográfico como elemento inicial Novelas estadounidenses
650 14 - • PUNTO DE ACCESO ADICIONAL DE MATERIA - TÉRMINO DE MATERIA
Término de materia o nombre geográfico como elemento inicial Vampiros
Subdivisión de materia general Novelas
700 1# - • PUNTO DE ACCESO ADICIONAL - NOMBRE DE PERSONA
Nombre de persona Hermoso, Julio
Término indicativo de función tr.
942 ## - ENTRADA DE ELEMENTOS AGREGADOS (KOHA)
Fuente de clasificaión o esquema Dewey Decimal Classification
Koha [por defecto] tipo de item LIbro
Existencias
Perdido Fuente de clasificación o esquema Estado Físico No para préstamo Forma de adquisición Localización permanente Localización actual Fecha adquisición Préstamos totales Signatura completa Código de barras Fecha última consulta Fecha del precio de reemplazo Tipo de item de Koha
  Dewey Decimal Classification     Sala General Segundo Piso Biblioteca Pública Germán Arciniegas - Villavicencio Biblioteca Pública Germán Arciniegas - Villavicencio 03/22/2019   813.5 M31sa 32794 06/13/2019 03/22/2019 LIbro









Instituto Departamental de Cultura del Meta - Red Departamental de Bibliotecas Públicas del Meta.